Sports Quiz

Random Sports or University Quiz
Score 0/20 Timer 07:00
6 Plays Today
Hint Answer % Correct
StateMichigan
98.7%
Team ColorBlue
95.6%
Team ColorMaize
95.5%
ConferenceBig 10
93.5%
NicknameWolverines
92.4%
Famous Alum: QB Tom _____Brady
90.9%
Primary RivalMichigan State
88.8%
CityAnn Arbor
87.4%
Primary RivalOhio State
85.9%
Famous Alum: PF _____ WebberChris
81.4%
Hint Answer % Correct
Famous Alum: CB ______ WoodsonCharles
80.4%
No. of Men's Varsity Sports14
78.1%
No. of Women's Varsity Sports15
78%
Football StadiumMichigan Stadium
74.4%
Famous Alum: SF Glen ____Rice
56.4%
Basketball ArenaCrisler Center
48.9%
Sport w/ most NCAA ChampionshipsMen's Swimming (12)
37.3%
Fight SongThe Victors
35.6%
Athletic DirectorWarde Manuel
16.1%
Baseball StadiumRay Fisher Stadium
9%
Remove Ads.
Support Sporcle.
Get the best of Sporcle when you Go Orange. This ad-free experience offers more features, more stats, and more fun while also helping to support Sporcle. Thank you for becoming a member.

You're not logged in!

Compare scores with friends on all Sporcle quizzes.
OR
Log In

Show Comments

Extras

Top Quizzes Today


Score Distribution

Your Account Isn't Verified!

In order to create a playlist on Sporcle, you need to verify the email address you used during registration. Go to your Sporcle Settings to finish the process.

Report this User

Report this user for behavior that violates our Community Guidelines.

Details: